Southville International School and Colleges
Your cart is empty.
  • Cart
  • Lists
    Public lists Eva Luna New books Lux_list list_1
    Your lists Log in to create your own lists
  • Log in to your account
  • Your cookies
  • Search history
Southville International School and Colleges
  • Advanced search
  • Recent comments
  • Most popular
  • Libraries

Log in to your account

Log in with GOOGLE


If you do not have an external account, but do have a local account, you can still log in:

  1. Home
  2. MARC view: Goodnight moon /
Normal view MARC view ISBD view

Goodnight moon / (Record no. 113477)

[ view plain ]
MARC details
000 -LEADER
fixed length control field 00482nam a2200169 a 4500
001 - CONTROL NUMBER
control field 3619
005 - DATE AND TIME OF LATEST TRANSACTION
control field 20140414132021.0
008 - FIXED-LENGTH DATA ELEMENTS--GENERAL INFORMATION
fixed length control field 040721s19uu xx 00 eng d
050 ## - LIBRARY OF CONGRESS CALL NUMBER
Classification number TR
Item number G62 1975
100 ## - MAIN ENTRY--PERSONAL NAME
Personal name Brown, Margaret Wise
245 ## - TITLE STATEMENT
Title Goodnight moon /
Statement of responsibility, etc by Margaret Wise Brown ; pictures by Clement Hurd.
260 ## - PUBLICATION, DISTRIBUTION, ETC. (IMPRINT)
Place of publication, distribution, etc [s.l.] :
Name of publisher, distributor, etc Harper Collins,
Date of publication, distribution, etc 1975.
300 ## - PHYSICAL DESCRIPTION
Extent 1 v. p. : ill. ; cm.
650 ## - SUBJECT ADDED ENTRY--TOPICAL TERM
Topical term or geographic name as entry element Moon
General subdivision Fiction.
650 ## - SUBJECT ADDED ENTRY--TOPICAL TERM
Topical term or geographic name as entry element Children stories.
Holdings
Withdrawn status Lost status Damaged status Use restrictions Home library Current library Shelving location Date acquired Source of acquisition Total Checkouts Full call number Barcode Date last seen Price effective from Koha item type
        Munich Library Munich Library Teachers Reference Section 07/21/2004     TR G62 1975 M5048 04/14/2014 04/14/2014 Books

Goodnight moon /

APA

Brown M. W., . (1975). Goodnight moon. [s.l.]: Harper Collins.

Chicago

Brown Margaret Wise, . 1975. Goodnight moon. [s.l.]: Harper Collins.

Harvard

Brown M. W., . (1975). Goodnight moon. [s.l.]: Harper Collins.

MLA

Brown Margaret Wise, . Goodnight moon. [s.l.]: Harper Collins. 1975.

  • Place hold
  • Print
  • Cite
  • Add to your cart (remove)
  • Save record
    BIBTEX Dublin Core MARCXML MARC (non-Unicode/MARC-8) MARC (Unicode/UTF-8) MARC (Unicode/UTF-8, Standard) MODS (XML) RIS
  • More searches
    Search for this title in:
    Other Libraries (WorldCat) Other Databases (Google Scholar) Online Stores (Bookfinder.com) Open Library (openlibrary.org)

Exporting to Dublin Core...

SOUTHVILLE LIBRARY

Southville International School and Colleges Library

1281 Tropical Ave. Cor. Luxembourg St., BF Homes International, Las Pinas City

Tel. No. 8256374 / 252358 Loc. 117/146

Powered by Koha